Central Library OPAC University of Rajshahi

Jawāhir ul-buḥūr = جواهر البحور / (Record no. 78757)

MARC details
000 -LEADER
fixed length control field 00741cam a22002294a 4500
001 - CONTROL NUMBER
control field 78757
003 - CONTROL NUMBER IDENTIFIER
rucl marc code BD-RjUL
005 - DATE AND TIME OF LATEST TRANSACTION
control field 20211209083153.0
008 - FIXED-LENGTH DATA ELEMENTS--GENERAL INFORMATION
fixed length control field 211113s1936 pk b 000 0 ara d
035 ## - SYSTEM CONTROL NUMBER
System control number (BD-RjUL)78983
040 ## - CATALOGING SOURCE
Original cataloging agency DLC-R
Transcribing agency DLC-R
Modifying agency DLC
Language of cataloging eng
041 ## - LANGUAGE CODE
Language code of text/sound track or separate title ara
082 ## - DEWEY DECIMAL CLASSIFICATION NUMBER
Edition number 23
Classification number 492.7
Author mark and year SHZ
100 1# - MAIN ENTRY--PERSONAL NAME
Personal name Shafi , Muhammad ;; شفىع, محمد
9 (RLIN) 249869
245 10 - TITLE STATEMENT
Title Jawāhir ul-buḥūr = جواهر البحور /
Statement of responsibility, etc. محمد شفىع. ;; Muhammad Shafi
250 ## - EDITION STATEMENT
Edition statement 1. Ṭabʻ
260 ## - PUBLICATION, DISTRIBUTION, ETC. (IMPRINT)
Place of publication, distribution, etc. Lahore :
Name of publisher, distributor, etc. پنجاب ىونىورسىٹى,;; University of the Punjab,
Date of publication, distribution, etc. 1936
300 ## - PHYSICAL DESCRIPTION
Pagination 104 p. ;
Size 24 cm.
504 ## - BIBLIOGRAPHY, ETC. NOTE
Bibliography, etc Includes bibliographical references
650 ## - SUBJECT ADDED ENTRY--TOPICAL TERM
Topical term or geographic name as entry element Arabic Language
9 (RLIN) 249870
942 ## - ADDED ENTRY ELEMENTS (KOHA)
Source of classification or shelving scheme Dewey Decimal Classification
Koha item type Books
Holdings
Lost status Source of classification or shelving scheme Damaged status Not for loan Collection code Permanent Location Current Location Shelving location Date acquired Total Checkouts Full call number Date last seen Copy number Koha item type
  Dewey Decimal Classification   Not For Loan Non-fiction Central Library, University of Rajshahi Central Library, University of Rajshahi Reading Room 13/11/2021   A 492.7 SHJ 1936 13/11/2021 C-1 Books